000 00422nab a2200145Ia 4500
003 ES-SlBCS
005 20210601124320.0
008 140529s1990 xxu||||| |||| 00| 0 eng d
041 _aeng
100 1 _aTaubman, Peter M.
_9139634
245 0 0 _aAchieving the Right Distance
_c Peter M. Taubman
650 0 4 _aEnseñanza
_990452
773 0 _tEducational Theory
_gvol. 40, nº. 1, 1990, págs. 121-134
_wRev1399
942 _cAR
999 _c512813
_d512813